Геохимические аномалии благородных металлов как сингенетичная составная часть околорудных метасоматических ореолов в мезотермальных месторождениях золота; Известия Томского политехнического университета [Известия ТПУ]; Т. 308, № 4
| Parent link: | Известия Томского политехнического университета [Известия ТПУ]/ Томский политехнический университет (ТПУ).— , 2000- Т. 308, № 4.— 2005.— [С. 25-32] |
|---|---|
| Hlavní autor: | |
| Shrnutí: | Заглавие с титульного листа Электронная версия печатной публикации Обсуждаются причины сохраняющихся в течение десятилетий альтернативных представлений о металлоносности сланцевых толщ, рассматриваемых в качестве возможных источников рудного вещества. Предлагаются методические приемы унификации прикладных геохимических исследований, призванные реконструировать геохимическую историю рудогенных элементов и на этой основе определять вероятный вклад рассеянных в окружающих и вмещающих золоторудные поля породах металлов в формирование рудных тел. Приведены результаты изучения метасоматических и геохимических ореолов в кальцифирах Ирокиндинского рудного поля Северного Забайкалья. Показаны взаимосвязи тех и других ореолов, соотношения их с рудами. По совокупности признаков сделан вывод о формировании аномалий Au, Ag и других металлов в процессе метасоматизма и рудообразования посредством перемещения их от раствороподводящих разломов. Полученные материалы дополняют совокупность фактов, подтверждающих генетическую однородность месторождений, образованных в несланцевом и черносланцевом субстрате. |
| Jazyk: | ruština |
| Vydáno: |
2005
|
| Edice: | Естественные науки |
| Témata: | |
| On-line přístup: | http://www.lib.tpu.ru/fulltext/v/Bulletin_TPU/2005/v308/i4/05.pdf |
| Médium: | MixedMaterials Elektronický zdroj Kapitola |
| KOHA link: | https://koha.lib.tpu.ru/cgi-bin/koha/opac-detail.pl?biblionumber=170560 |
MARC
| LEADER | 00000nla2a2200000 4500 | ||
|---|---|---|---|
| 001 | 170560 | ||
| 005 | 20231031163727.0 | ||
| 035 | |a (RuTPU)RU\TPU\book\184965 | ||
| 035 | |a RU\TPU\book\184961 | ||
| 090 | |a 170560 | ||
| 100 | |a 20091124d2005 k y0rusy50 ca | ||
| 101 | 0 | |a rus | |
| 102 | |a RU | ||
| 135 | |a drnn ---uucaa | ||
| 181 | 0 | |a i | |
| 182 | 0 | |a b | |
| 200 | 1 | |a Геохимические аномалии благородных металлов как сингенетичная составная часть околорудных метасоматических ореолов в мезотермальных месторождениях золота |b Электронный ресурс |f И. В. Кучеренко | |
| 203 | |a Текст |c электронный | ||
| 215 | |a 1 файл (599 Кб) | ||
| 225 | 1 | |a Естественные науки | |
| 230 | |a Электронные текстовые данные (1 файл : 599 Кб) | ||
| 300 | |a Заглавие с титульного листа | ||
| 300 | |a Электронная версия печатной публикации | ||
| 320 | |a [Библиогр.: с. 31-32 (52 назв.)] | ||
| 330 | |a Обсуждаются причины сохраняющихся в течение десятилетий альтернативных представлений о металлоносности сланцевых толщ, рассматриваемых в качестве возможных источников рудного вещества. Предлагаются методические приемы унификации прикладных геохимических исследований, призванные реконструировать геохимическую историю рудогенных элементов и на этой основе определять вероятный вклад рассеянных в окружающих и вмещающих золоторудные поля породах металлов в формирование рудных тел. Приведены результаты изучения метасоматических и геохимических ореолов в кальцифирах Ирокиндинского рудного поля Северного Забайкалья. Показаны взаимосвязи тех и других ореолов, соотношения их с рудами. По совокупности признаков сделан вывод о формировании аномалий Au, Ag и других металлов в процессе метасоматизма и рудообразования посредством перемещения их от раствороподводящих разломов. Полученные материалы дополняют совокупность фактов, подтверждающих генетическую однородность месторождений, образованных в несланцевом и черносланцевом субстрате. | ||
| 337 | |a Adobe Reader | ||
| 461 | 1 | |0 (RuTPU)RU\TPU\book\176237 |t Известия Томского политехнического университета [Известия ТПУ] |f Томский политехнический университет (ТПУ) |d 2000- | |
| 463 | 1 | |0 (RuTPU)RU\TPU\book\184960 |t Т. 308, № 4 |v [С. 25-32] |d 2005 |p 254 с. | |
| 610 | 1 | |a геохимические аномалии | |
| 610 | 1 | |a благородные металлы | |
| 610 | 1 | |a составные части | |
| 610 | 1 | |a сингенетичные части | |
| 610 | 1 | |a околорудные ореолы | |
| 610 | 1 | |a метасоматические ореолы | |
| 610 | 1 | |a мезотермальные месторождения | |
| 610 | 1 | |a золото | |
| 610 | 1 | |a металлоносность | |
| 610 | 1 | |a сланцевые толщи | |
| 610 | 1 | |a источники | |
| 610 | 1 | |a рудное вещество | |
| 610 | 1 | |a методические приемы | |
| 610 | 1 | |a унификация | |
| 610 | 1 | |a прикладные исследования | |
| 610 | 1 | |a геохимические исследования | |
| 610 | 1 | |a геохимическая история | |
| 610 | 1 | |a рудогенные элементы | |
| 610 | 1 | |a золоторудные поля | |
| 610 | 1 | |a горные породы | |
| 610 | 1 | |a формирование | |
| 610 | 1 | |a рудные тела | |
| 610 | 1 | |a результаты | |
| 610 | 1 | |a изучение | |
| 610 | 1 | |a геохимические ореолы | |
| 610 | 1 | |a кальцифиры | |
| 610 | 1 | |a Ирокиндинское рудное поле | |
| 610 | 1 | |a Северное Забайкалье | |
| 610 | 1 | |a взаимосвязи | |
| 610 | 1 | |a руды | |
| 610 | 1 | |a признаки | |
| 610 | 1 | |a аномалии | |
| 610 | 1 | |a метасоматизм | |
| 610 | 1 | |a рудообразование | |
| 610 | 1 | |a раствороподводящие разломы | |
| 610 | 1 | |a материалы | |
| 610 | 1 | |a факты | |
| 610 | 1 | |a генетическая однородность | |
| 610 | 1 | |a несланцевые субстраты | |
| 610 | 1 | |a черносланцевые субстраты | |
| 610 | 1 | |a труды учёных ТПУ | |
| 610 | 1 | |a электронный ресурс | |
| 700 | 1 | |a Кучеренко |b И. В. |c российский геолог |c профессор Томского политехнического университета, доктор геолого-минералогических наук |f 1937- |g Игорь Васильевич |2 stltpush |3 (RuTPU)RU\TPU\pers\13904 | |
| 801 | 1 | |a RU |b 63413507 |c 20090623 |g PSBO | |
| 801 | 2 | |a RU |b 63413507 |c 20211012 |g PSBO | |
| 856 | 4 | |u http://www.lib.tpu.ru/fulltext/v/Bulletin_TPU/2005/v308/i4/05.pdf | |
| 942 | |c CF | ||